[Event "Chigorin Memorial 2019"]
[Site "St Petersburg RUS"]
[Date "2019.10.10"]
[Round "6.48"]
[White "Michelle Catherina, P"]
[Black "Yagupov, Igor"]
[Result "0-1"]
[WhiteTitle "WIM"]
[BlackTitle "GM"]
[WhiteElo "2123"]
[BlackElo "2381"]
[WhiteFideId "5005736"]
[BlackFideId "4113632"]
[EventDate "2019.10.05"]

1. e4 c5 2. Nf3 Nc6 3. d4 cxd4 4. Nxd4 Nf6 5. Nc3 e5 6. Ndb5 d6 7. Bg5 a6 8. Na3
b5 9. Nd5 Be7 10. Bxf6 Bxf6 11. c4 b4 12. Nc2 O-O 13. g3 a5 14. Bg2 Bg5 15. O-O
Ne7 16. Nce3 Bxe3 17. Nxe3 Be6 18. Qd3 Qc7 19. Rfd1 Rfd8 20. Rac1 Nc6 21. Nf5 a4
22. Rd2 g6 23. Ne3 Na5 24. b3 axb3 25. axb3 Nb7 26. Rb2 Nc5 27. Qd2 Rdb8 28. Nc2
Rb6 29. Ra1 Qb7 30. Re1 Rba6 31. h4 h5 32. Kh2 Qb8 33. Reb1 Ra2 34. Rxa2 Rxa2
35. Qxb4 Qxb4 36. Nxb4 Rxf2 37. Kg1 Re2 38. Nd5 Bxd5 39. exd5 Rc2 40. b4 Nd7 41.
Bf1 e4 42. c5 dxc5 43. b5 Nb6 44. Bg2 f5 45. Rd1 Kf7 46. Bf1 c4 47. Bg2 Ke7 48.
d6+ Kd7 49. Bf1 c3 50. Ra1 Kxd6 51. Ra6 Kc5 0-1

[Event "Chigorin Memorial 2019"]
[Site "St Petersburg RUS"]
[Date "2019.10.10"]
[Round "6.49"]
[White "Ivanov, Sergei V."]
[Black "Smirnov, Timofey"]
[Result "0-1"]
[BlackTitle "FM"]
[WhiteElo "2134"]
[BlackElo "2354"]
[WhiteFideId "24170003"]
[BlackFideId "24176427"]
[EventDate "2019.10.05"]

1. d4 d5 2. c4 c6 3. Nf3 Nf6 4. e3 Bf5 5. Nc3 e6 6. Nh4 Bg6 7. Be2 Nbd7 8. g3
Bd6 9. O-O Qe7 10. b3 a5 11. Bd2 b6 12. a4 O-O 13. Nxg6 hxg6 14. Bf3 Bb4 15. Qe2
Rfd8 16. Rfd1 Rac8 17. Rac1 Ne8 18. Rc2 Nd6 19. Rdc1 dxc4 20. bxc4 e5 21. Re1
Nf6 22. Na2 e4 23. Bg2 c5 24. Bh3 Nf5 25. Nxb4 axb4 26. d5 Qd7 27. Bxf5 Qxf5 28.
Bc1 Nh7 29. h4 g5 30. f4 exf3 31. Qf2 Nf6 32. Rf1 g4 0-1

[Event "Chigorin Memorial 2019"]
[Site "St Petersburg RUS"]
[Date "2019.10.10"]
[Round "6.50"]
[White "Shihaliev, Leonard"]
[Black "Gabdrakhmanov, Azat"]
[Result "1-0"]
[BlackTitle "FM"]
[WhiteElo "2080"]
[BlackElo "2353"]
[WhiteFideId "24192163"]
[BlackFideId "34189197"]
[EventDate "2019.10.05"]

1. Nf3 Nf6 2. g3 g6 3. c4 Bg7 4. Bg2 O-O 5. O-O d6 6. d4 Na6 7. b3 c5 8. Bb2
cxd4 9. Nxd4 Nc5 10. Nc3 Qb6 11. Qd2 Bd7 12. Rac1 a5 13. Ba3 Rfd8 14. Rfd1 Ne6
15. Nxe6 fxe6 16. Qg5 Rac8 17. e4 h6 18. Qd2 Bc6 19. Qe2 Kh7 20. Bh3 Rf8 21.
Bxe6 Rcd8 22. Nd5 Bxd5 23. exd5 Nd7 24. Bxd7 Rxd7 25. Bb2 Bxb2 26. Qxb2 Rf7 27.
Re1 Rd8 28. Rc2 Rg8 29. Rce2 Rgg7 30. Qc2 Qc5 31. a4 Kg8 32. Re6 Kh7 33. R1e3
Qc7 34. h4 h5 35. Qe2 Qd8 36. Kg2 Qc8 37. Rxe7 Qd8 38. Rxf7 Rxf7 39. Re6 Qf8 40.
Qe3 Kg7 41. f4 Kh7 42. Qe4 Rg7 43. Kh3 Qf7 44. Rxd6 1-0

[Event "Chigorin Memorial 2019"]
[Site "St Petersburg RUS"]
[Date "2019.10.10"]
[Round "6.51"]
[White "Obgolts, Erik"]
[Black "Terentev, Mikhail"]
[Result "1-0"]
[WhiteTitle "FM"]
[WhiteElo "2352"]
[BlackElo "2096"]
[WhiteFideId "24199044"]
[BlackFideId "24183814"]
[EventDate "2019.10.05"]

1. d4 Nf6 2. Nf3 g6 3. g3 Bg7 4. Bg2 O-O 5. O-O d6 6. c4 Nc6 7. Nc3 a6 8. Bf4
Rb8 9. Rc1 b5 10. Nd5 bxc4 11. Nxf6+ exf6 12. Rxc4 Ne7 13. b3 Be6 14. Rc1 f5 15.
Qd2 Bd5 16. Bh6 Rb5 17. h4 Be4 18. Bxg7 Kxg7 19. Ne1 Bxg2 20. Nxg2 Nd5 21. Rc6
Qa8 22. Rfc1 Rb6 23. R6c4 Re8 24. h5 Re4 25. h6+ Kf6 26. f3 Re6 27. Nf4 Nxf4 28.
gxf4 d5 29. Rxc7 Rbc6 30. R7xc6 Rxc6 31. Rxc6+ Qxc6 32. Qe3 Qe6 33. Qe5+ Qxe5
34. fxe5+ 1-0

[Event "Chigorin Memorial 2019"]
[Site "St Petersburg RUS"]
[Date "2019.10.10"]
[Round "6.52"]
[White "Pavlov, Mark"]
[Black "Ponfilenok, Vladimir"]
[Result "1-0"]
[WhiteElo "2095"]
[BlackElo "2348"]
[WhiteFideId "34178829"]
[BlackFideId "24113522"]
[EventDate "2019.10.05"]

1. d4 e6 2. c4 f5 3. Nc3 Nf6 4. Qc2 b6 5. e3 Bb7 6. f3 Bd6 7. Bd2 c5 8. O-O-O
O-O 9. d5 exd5 10. cxd5 a6 11. Bd3 g6 12. e4 f4 13. Nh3 Ne8 14. Rhe1 Be5 15. Ne2
b5 16. Bxf4 d6 17. Bxe5 dxe5 18. Qxc5 Nd7 19. Qe3 Nd6 20. Kb1 a5 21. Ng5 Qe7 22.
Ne6 Rfc8 23. Rc1 Nc4 24. Bxc4 bxc4 25. Qa3 Qxa3 26. bxa3 Ba6 27. Ka1 Kf7 28. Nc3
Ke7 29. Rb1 Kd6 30. Rb2 h6 31. Rc1 Rcb8 32. Nd1 Nc5 33. Nxc5 Kxc5 34. Rbc2 Rc8
35. Nc3 Rab8 36. Rd2 Rd8 37. Rcd1 Kd6 38. Rb2 g5 39. Rxb8 Rxb8 40. Rb1 Rxb1+ 41.
Kxb1 1-0

[Event "Chigorin Memorial 2019"]
[Site "St Petersburg RUS"]
[Date "2019.10.10"]
[Round "6.53"]
[White "Gubajdullin, Alexei"]
[Black "Zhafyarov, Adel"]
[Result "1-0"]
[WhiteTitle "FM"]
[WhiteElo "2345"]
[BlackElo "2089"]
[WhiteFideId "4141202"]
[BlackFideId "34147630"]
[EventDate "2019.10.05"]

1. d4 Nf6 2. Bf4 d5 3. e3 c5 4. c3 Nc6 5. Nd2 Bf5 6. Qb3 Qd7 7. Ngf3 c4 8. Qd1
e6 9. Ne5 Nxe5 10. Bxe5 Bd6 11. Bxf6 gxf6 12. e4 dxe4 13. Nxc4 Kf8 14. Qb3 Rb8
15. Be2 b5 16. Ne3 b4 17. c4 Bg6 18. Rd1 f5 19. c5 Be7 20. f4 exf3 21. Bxf3 a5
22. a4 Kg7 23. O-O Rhd8 24. Kh1 Qa7 25. Nc4 Bf6 26. Qe3 b3 27. Ne5 Bxe5 28.
Qxe5+ Kg8 29. c6 Rbc8 30. d5 Qc5 31. Rfe1 f4 32. d6 Rxc6 33. Bxc6 Qxc6 34. Qxf4
Qb6 35. d7 Qc6 36. Rd6 Qc7 37. Qd4 1-0

[Event "Chigorin Memorial 2019"]
[Site "St Petersburg RUS"]
[Date "2019.10.10"]
[Round "6.54"]
[White "Savinov, Leonid"]
[Black "Askerov, Marat"]
[Result "0-1"]
[BlackTitle "FM"]
[WhiteElo "2086"]
[BlackElo "2334"]
[WhiteFideId "4166264"]
[BlackFideId "24175200"]
[EventDate "2019.10.05"]

1. c4 Nf6 2. Nc3 e6 3. g3 d5 4. d4 c5 5. cxd5 cxd4 6. Qxd4 Nc6 7. Qd1 exd5 8.
Bg2 d4 9. Ne4 Bf5 10. Nxf6+ Qxf6 11. Nf3 Bb4+ 12. Bd2 O-O 13. O-O d3 14. Bxb4
Nxb4 15. e3 Rfd8 16. Nd4 Nc2 17. Qd2 Nxd4 18. exd4 Qxd4 19. Rac1 Rac8 20. Rc3
Rxc3 21. bxc3 Qd7 22. c4 0-1

[Event "Chigorin Memorial 2019"]
[Site "St Petersburg RUS"]
[Date "2019.10.10"]
[Round "6.55"]
[White "Rudikov, Dmitry"]
[Black "Maltsevskaya, Aleksandra"]
[Result "0-1"]
[BlackTitle "WGM"]
[WhiteElo "2085"]
[BlackElo "2333"]
[WhiteFideId "44147171"]
[BlackFideId "24174041"]
[EventDate "2019.10.05"]

1. d4 Nf6 2. Bg5 Ne4 3. Bf4 c5 4. f3 Qa5+ 5. c3 Nf6 6. d5 e6 7. e4 exd5 8. exd5
d6 9. Qd2 Be7 10. c4 Qd8 11. Nc3 O-O 12. Bd3 a6 13. g4 b5 14. cxb5 axb5 15. Bxb5
Bb7 16. Nge2 Nbd7 17. Bxd7 Qxd7 18. Kf2 Ra5 19. Ng3 c4 20. b4 Rxd5 21. Nxd5 Nxd5
22. Ne4 f5 23. Nc3 Nxf4 24. Qxf4 fxg4 25. Qxc4+ d5 26. Rhd1 Rxf3+ 27. Kg1 g3 28.
Rxd5 gxh2+ 29. Kh1 Rxc3 0-1

[Event "Chigorin Memorial 2019"]
[Site "St Petersburg RUS"]
[Date "2019.10.10"]
[Round "6.56"]
[White "Putrenko, Kirill"]
[Black "Tsoi, Dmitry"]
[Result "1/2-1/2"]
[BlackTitle "FM"]
[WhiteElo "1974"]
[BlackElo "2329"]
[WhiteFideId "44148402"]
[BlackFideId "24194697"]
[EventDate "2019.10.05"]

1. Nf3 c6 2. b3 a5 3. a3 d6 4. Bb2 e5 5. c4 f5 6. g3 Nf6 7. Bg2 Nbd7 8. d3 Be7
9. O-O O-O 10. Nbd2 Qe8 11. b4 Qh5 12. e3 Qh6 13. Qc2 f4 14. exf4 exf4 15. Rae1
Bd8 16. Ne4 Ng4 17. h3 Nge5 18. Ned2 axb4 19. axb4 Ra2 20. c5 Kh8 21. d4 Nxf3+
22. Nxf3 Nf6 23. Qb3 Rxb2 24. Qxb2 Bxh3 25. Qd2 Nd5 26. cxd6 Bxg2 27. Kxg2 Qxd6
28. b5 cxb5 29. Qd3 b4 30. Re5 Qc6 31. Qb3 Nf6 32. Qxb4 Rg8 33. Qb3 b6 34. d5
Qd7 35. Rfe1 fxg3 36. fxg3 Rf8 37. Qb4 Kg8 38. Qc4 b5 39. Qc6 Qa7 40. Qe6+ Kh8
41. d6 Qb7 42. Qb3 b4 43. d7 Qxd7 44. Qxb4 1/2-1/2

[Event "Chigorin Memorial 2019"]
[Site "St Petersburg RUS"]
[Date "2019.10.10"]
[Round "6.57"]
[White "Mnatsakanian, Arsen"]
[Black "Vetokhin, Savva"]
[Result "1-0"]
[BlackTitle "CM"]
[WhiteElo "2321"]
[BlackElo "2071"]
[WhiteFideId "24189820"]
[BlackFideId "44144474"]
[EventDate "2019.10.05"]

1. e4 c5 2. Nc3 a6 3. g3 b5 4. Bg2 Bb7 5. d3 e6 6. Nf3 Nf6 7. O-O Be7 8. a4 b4
9. Ne2 d5 10. exd5 exd5 11. Nf4 O-O 12. Ne5 Nc6 13. Ng4 Nxg4 14. Qxg4 Nd4 15. c4
Nb3 16. Rb1 Nxc1 17. Rbxc1 Bg5 18. Rfe1 Bxf4 19. gxf4 Rb8 20. Rcd1 dxc4 21. dxc4
Qf6 22. Bxb7 Rxb7 23. b3 Re7 24. Rxe7 Qxe7 25. Rd5 Qe1+ 26. Kg2 Qe4+ 27. Qf3
Qg6+ 28. Rg5 Qd6 29. Qd5 Qxf4 30. Qe5 Qxe5 31. Rxe5 f6 32. Rxc5 Rd8 33. Rf5 Rd3
34. Rf3 Rc3 35. Re3 Kf7 36. Kf3 Rc2 37. h3 h5 38. Rd3 Ke6 39. Ke3 g5 40. a5 f5
41. Kd4 Rxf2 42. Kc5 g4 43. hxg4 hxg4 44. Rd6+ Ke5 45. Rxa6 g3 46. Rg6 f4 47. a6
Ra2 48. Kb6 Ke4 49. c5 f3 50. Rg4+ Kd5 51. Rxg3 f2 52. Rf3 Re2 53. a7 1-0

[Event "Chigorin Memorial 2019"]
[Site "St Petersburg RUS"]
[Date "2019.10.10"]
[Round "6.58"]
[White "Rudenko, Naum"]
[Black "Gilyazitdinov, Nikita"]
[Result "1/2-1/2"]
[WhiteTitle "FM"]
[WhiteElo "2286"]
[BlackElo "2050"]
[WhiteFideId "34146072"]
[BlackFideId "4184106"]
[EventDate "2019.10.05"]

1. e4 e5 2. Nf3 Nc6 3. Nc3 Nf6 4. d4 exd4 5. Nxd4 Bb4 6. Nxc6 bxc6 7. Bd3 d5 8.
exd5 cxd5 9. O-O O-O 10. Bg5 c6 11. Qf3 h6 12. Bd2 Rb8 13. Bf4 Bd6 14. Bxd6 Qxd6
15. b3 Ng4 16. Qg3 Qxg3 17. hxg3 Ne5 18. Na4 Re8 19. Rfe1 Kf8 20. f3 Nxd3 21.
Rxe8+ Kxe8 22. cxd3 Bf5 23. d4 Kd7 24. Re1 Rb4 25. g4 Bg6 26. Rd1 Kd6 27. Kf2
Rb8 28. Ke3 f5 29. gxf5 Bxf5 30. Kd2 g5 31. Re1 Rf8 32. g4 Bc8 33. Re3 Rf4 34.
Kc3 Bd7 35. Nc5 Rf8 36. Nd3 Bc8 37. b4 Ba6 38. Ne5 Bc8 39. Re1 Rf6 40. Kd2 Ba6
41. Kc3 Bc8 42. Kd2 Ba6 1/2-1/2

[Event "Chigorin Memorial 2019"]
[Site "St Petersburg RUS"]
[Date "2019.10.10"]
[Round "6.59"]
[White "Sidorov, Dmitry I"]
[Black "Gitelson, Arkady"]
[Result "0-1"]
[WhiteElo "2059"]
[BlackElo "2282"]
[WhiteFideId "44155360"]
[BlackFideId "34101257"]
[EventDate "2019.10.05"]

1. d4 Nf6 2. Nf3 e6 3. e3 b6 4. Bd3 Bb7 5. O-O Be7 6. Nbd2 O-O 7. e4 d6 8. c3
Nbd7 9. Re1 e5 10. Nf1 Re8 11. Ng3 Bf8 12. Bg5 h6 13. Bd2 a5 14. Qc2 g6 15. Rad1
Bg7 16. h4 Nf8 17. h5 Nxh5 18. Nxh5 gxh5 19. Bc4 Qf6 20. dxe5 dxe5 21. Be3 Rad8
22. Bd5 Bc8 23. Rd2 Ng6 24. Qb3 Nf4 25. Bxf4 Qxf4 26. Red1 Rd6 27. Qc4 Re7 28.
Nh2 Rg6 29. Rd3 Bg4 30. Nxg4 Qxg4 31. g3 h4 32. R1d2 c6 33. Bxc6 Rc7 34. Rd7
Rcxc6 35. Qxf7+ Kh7 36. Rd8 h5 37. R2d7 Rcf6 38. Qg8+ Kh6 39. Re8 hxg3 40. f4
Qxf4 0-1

[Event "Chigorin Memorial 2019"]
[Site "St Petersburg RUS"]
[Date "2019.10.10"]
[Round "6.60"]
[White "Salman, Pavel"]
[Black "Aseev, Vladimir"]
[Result "1-0"]
[WhiteTitle "FM"]
[WhiteElo "2282"]
[BlackElo "2057"]
[WhiteFideId "24153753"]
[BlackFideId "24121371"]
[EventDate "2019.10.05"]

1. d4 Nf6 2. c4 d6 3. Nc3 Nbd7 4. Nf3 e5 5. e4 c6 6. Be2 Be7 7. O-O O-O 8. Be3
Re8 9. Qc2 Bf8 10. d5 Nh5 11. Rfd1 g6 12. dxc6 bxc6 13. c5 dxc5 14. Bc4 Qc7 15.
Ng5 Re7 16. Qb3 Rb8 17. Bxf7+ Kg7 18. Qa3 Nb6 19. Bb3 c4 20. Bc2 h6 21. Nf3 Bg4
22. Ne2 Bxf3 23. gxf3 Rf7 24. Qc3 Kh7 25. a4 a5 26. Qxa5 Rxf3 27. Qd2 Qc8 28. a5
Qg4+ 29. Kh1 c3 30. bxc3 Rf7 31. axb6 Qf3+ 32. Kg1 Nf4 33. Bxf4 exf4 34. Ra7
Qg4+ 35. Kf1 Be7 36. Qd7 1-0

[Event "Chigorin Memorial 2019"]
[Site "St Petersburg RUS"]
[Date "2019.10.10"]
[Round "6.62"]
[White "Iliaguev, Daniel"]
[Black "Zabolotnov, Evgeny"]
[Result "0-1"]
[WhiteElo "2082"]
[BlackElo "2255"]
[WhiteFideId "2818434"]
[BlackFideId "34157619"]
[EventDate "2019.10.05"]

1. g3 d5 2. Bg2 c6 3. Nf3 Bg4 4. O-O Nd7 5. d4 e6 6. Nbd2 Ngf6 7. Re1 Be7 8. e4
dxe4 9. Nxe4 Nxe4 10. Rxe4 Bf5 11. Re1 O-O 12. c3 Qb6 13. Qe2 Rfe8 14. Be3 Qc7
15. Bf4 Bd6 16. Bxd6 Qxd6 17. Ne5 Rac8 18. h4 h6 19. Rad1 Red8 20. Nxd7 Rxd7 21.
Be4 Bxe4 22. Qxe4 Rcd8 23. Kg2 Qc7 24. Rd2 Qa5 25. a3 Qb5 26. Red1 Qb3 27. Qe2
b5 28. Qe4 c5 29. Qc2 Qxc2 30. Rxc2 e5 31. Rcd2 exd4 32. cxd4 Rd5 33. Kf3 c4 0-1

[Event "Chigorin Memorial 2019"]
[Site "St Petersburg RUS"]
[Date "2019.10.10"]
[Round "6.63"]
[White "Kundianok, Vladislav"]
[Black "Dimitrova, Aleksandra"]
[Result "0-1"]
[BlackTitle "WIM"]
[WhiteElo "2043"]
[BlackElo "2241"]
[WhiteFideId "44157819"]
[BlackFideId "24173371"]
[EventDate "2019.10.05"]

1. e4 c5 2. Nf3 e6 3. d4 cxd4 4. Nxd4 a6 5. c4 Nf6 6. Nc3 Bb4 7. Qd3 Qc7 8. a3
Bxc3+ 9. Qxc3 O-O 10. Bd3 d6 11. Bg5 e5 12. Bxf6 gxf6 13. Ne2 Nc6 14. O-O Kh8
15. Kh1 Rg8 16. Qd2 Qe7 17. f4 Qf8 18. f5 b6 19. Nc3 Nd4 20. Rae1 Bb7 21. Re3
Rg5 22. Ne2 Re8 23. Rg3 Rh5 24. h3 Rh4 25. Qe3 Nxe2 26. Qxe2 Qh6 27. Qe3 Qxe3
28. Rxe3 Kg8 29. Kh2 Rf4 30. Rd1 h5 31. Rd2 h4 32. Bc2 Rc8 33. b3 b5 34. Bd3 Kf8
35. Kg1 Ke7 36. Rb2 Bc6 37. a4 bxa4 38. bxa4 Bxa4 39. Ra2 Bb3 40. Rxa6 Bxc4 41.
Ra7+ Kf8 42. Bc2 Rf1+ 43. Kh2 Bb5 44. Bb3 Rcc1 0-1

[Event "Chigorin Memorial 2019"]
[Site "St Petersburg RUS"]
[Date "2019.10.10"]
[Round "6.64"]
[White "Kovalev, Vitaly"]
[Black "Zhukov, Maksim"]
[Result "1-0"]
[BlackTitle "FM"]
[WhiteElo "2240"]
[BlackElo "2000"]
[WhiteFideId "24120588"]
[BlackFideId "34181790"]
[EventDate "2019.10.05"]

1. g3 d5 2. Bg2 Nf6 3. Nf3 c5 4. O-O Nc6 5. d3 Bf5 6. Nbd2 h6 7. c4 e6 8. Qa4
Qc7 9. b4 cxb4 10. Nd4 Bg4 11. h3 Bh5 12. cxd5 exd5 13. e4 O-O-O 14. N2b3 Qd7
15. Nxc6 Qxc6 16. Qxa7 Qa6 17. Qxa6 bxa6 18. Bf4 Kd7 19. Rac1 Bd6 20. Bxd6 Kxd6
21. e5+ Kxe5 22. Rc6 Kf5 23. Nd4+ Ke5 24. Nc2 Rc8 25. d4+ Kf5 26. Ne3+ Kg5 27.
f4+ Kg6 28. Rxc8 Rxc8 29. g4 1-0

[Event "Chigorin Memorial 2019"]
[Site "St Petersburg RUS"]
[Date "2019.10.10"]
[Round "6.65"]
[White "Silich, Yahor"]
[Black "Sapegin, Yaroslav"]
[Result "1-0"]
[WhiteTitle "FM"]
[WhiteElo "2131"]
[BlackElo "1967"]
[WhiteFideId "13513656"]
[BlackFideId "44168322"]
[EventDate "2019.10.05"]

1. e4 e5 2. Nf3 Nc6 3. Bc4 Bc5 4. O-O Nf6 5. d3 O-O 6. c3 d5 7. exd5 Nxd5 8. a4
a6 9. h3 Bf5 10. Re1 Nb6 11. Nxe5 Nxc4 12. Nxc4 Qxd3 13. Qxd3 Bxd3 14. Be3 Bxc4
15. Bxc5 Rfe8 16. Nd2 Rxe1+ 17. Rxe1 Be6 18. Be3 Na5 19. Bf4 c6 20. b4 Nc4 21.
Rxe6 Nxd2 22. Re7 Nb1 23. Be5 b5 24. a5 c5 25. bxc5 f6 26. Bd4 Nd2 27. c6 Nc4
28. c7 Nd6 29. Rd7 Nc8 30. Bc5 1-0

[Event "Chigorin Memorial 2019"]
[Site "St Petersburg RUS"]
[Date "2019.10.10"]
[Round "6.66"]
[White "Slugin, Yaroslav"]
[Black "Azimov, Ilyas"]
[Result "1/2-1/2"]
[WhiteElo "2014"]
[BlackElo "2229"]
[WhiteFideId "34142913"]
[BlackFideId "24175226"]
[EventDate "2019.10.05"]

1. d4 Nf6 2. Nf3 e6 3. Bg5 d5 4. e3 Be7 5. Bd3 c5 6. c3 Nc6 7. Nbd2 Qb6 8. Rb1
h6 9. Bh4 O-O 10. Ne5 Nd7 11. Bxe7 Nxe7 12. f4 f6 13. Nxd7 Bxd7 14. Nf3 Bb5 15.
O-O Bxd3 16. Qxd3 c4 17. Qe2 Qc6 18. Nd2 b5 19. e4 a5 20. exd5 Nxd5 21. Rbe1
Rfe8 22. a4 b4 23. Qxc4 Qxc4 24. Nxc4 bxc3 25. bxc3 Nxc3 26. f5 Rad8 27. Rf3 Nd5
28. Rxe6 Rxe6 29. fxe6 Nc7 30. Nxa5 Rxd4 31. Re3 Rxa4 32. Nb7 Ra6 33. e7 Kf7 34.
e8=Q+ Nxe8 35. Nd8+ Kf8 36. Ne6+ Kg8 37. Nc5 1/2-1/2

[Event "Chigorin Memorial 2019"]
[Site "St Petersburg RUS"]
[Date "2019.10.10"]
[Round "6.67"]
[White "Pogosian, Vladimir"]
[Black "Tarasov, Ilya"]
[Result "0-1"]
[WhiteElo "1997"]
[BlackElo "2227"]
[WhiteFideId "13301586"]
[BlackFideId "24157945"]
[EventDate "2019.10.05"]

1. e4 d6 2. Nc3 Nf6 3. Be2 g6 4. h4 h5 5. d4 c6 6. Bg5 Bg7 7. Nf3 Qa5 8. Qd2 Bg4
9. O-O Nbd7 10. a3 O-O 11. Bh6 Bxf3 12. Bxf3 e5 13. Bxg7 Kxg7 14. b4 Qc7 15. Be2
Rfe8 16. Rad1 Rad8 17. f4 a5 18. b5 Qb6 19. bxc6 bxc6 20. Bf3 d5 21. exd5 cxd5
22. Bxd5 Qxd4+ 23. Qxd4 exd4 24. Rxd4 Nb6 25. Rfd1 Re3 26. Na4 Nxa4 27. Rxa4
Rxd5 28. Rxd5 Nxd5 29. f5 gxf5 30. Rxa5 Nf6 31. Rxf5 Rxa3 0-1

[Event "Chigorin Memorial 2019"]
[Site "St Petersburg RUS"]
[Date "2019.10.10"]
[Round "6.68"]
[White "Dubrovin, Robert"]
[Black "Klevets, Ksenia"]
[Result "1-0"]
[WhiteElo "2224"]
[BlackElo "1842"]
[WhiteFideId "4501829"]
[BlackFideId "24157937"]
[EventDate "2019.10.05"]

1. e4 c5 2. Nf3 Nc6 3. Bb5 e6 4. O-O Nge7 5. Re1 g6 6. c3 Bg7 7. e5 d6 8. exd6
Qxd6 9. d4 O-O 10. dxc5 Qxc5 11. a4 Rd8 12. Qe2 Nf5 13. Nbd2 Bd7 14. Ne4 Qe7 15.
b3 Ne5 16. Nxe5 Bxe5 17. Ba3 Bd6 18. Nxd6 Nxd6 19. Qe5 Bxb5 20. axb5 Qc7 21. c4
Ne8 22. Qc3 Ng7 23. Bb2 f5 24. Qxg7+ Qxg7 25. Bxg7 Kxg7 26. Rxe6 Kf7 27. Rae1
Rd7 28. h4 a6 29. bxa6 Rxa6 30. Rxa6 bxa6 31. Ra1 Rd6 32. Kf1 Rb6 33. Ra3 Ke6
34. Ke2 Rd6 35. Ke3 h6 36. c5 Rc6 37. Kd4 f4 38. b4 g5 39. hxg5 hxg5 40. Rh3 Kd7
41. Kd5 Rf6 42. Rh7+ Kc8 43. Rg7 f3 44. g3 Rh6 45. Rxg5 Rh2 46. Kc6 Kd8 47. Rd5+
Ke7 48. Rd2 Rh1 49. Rd3 Rb1 50. Rxf3 Rxb4 51. Ra3 1-0

[Event "Chigorin Memorial 2019"]
[Site "St Petersburg RUS"]
[Date "2019.10.10"]
[Round "6.69"]
[White "Danilova, Rada"]
[Black "Zhang, Lanlin"]
[Result "1/2-1/2"]
[WhiteTitle "WCM"]
[WhiteElo "1986"]
[BlackElo "2203"]
[WhiteFideId "34156760"]
[BlackFideId "8608032"]
[EventDate "2019.10.05"]

1. d4 Nf6 2. c4 g6 3. Nf3 Bg7 4. g3 O-O 5. Bg2 d6 6. O-O Nbd7 7. Nc3 e5 8. h3 c6
9. e4 Qe7 10. Be3 b6 11. Re1 Bb7 12. Qc2 Rfd8 13. Rad1 Nf8 14. dxe5 dxe5 15. c5
N6d7 16. cxb6 axb6 17. Qb3 b5 18. Bg5 Nf6 19. a3 Ne6 20. Be3 Ne8 21. Bb6 Rdb8
22. Be3 Bc8 23. Qc2 b4 24. Nb1 c5 25. Rc1 Ra5 26. axb4 cxb4 27. Nbd2 Nd6 28. Nb3
Raa8 29. Ra1 Bb7 30. Rxa8 Rxa8 31. Nfd2 Nb5 32. Qd3 Nbd4 33. Bxd4 exd4 34. e5
Ba6 35. Qf3 Rc8 36. Qd5 Rd8 37. Qc6 Bc8 38. Na5 Bd7 39. Qb6 Rc8 40. Nac4 Qc5 41.
b3 Qxb6 42. Nxb6 Rc2 43. Nxd7 Rxd2 44. Bd5 h5 1/2-1/2

[Event "Chigorin Memorial 2019"]
[Site "St Petersburg RUS"]
[Date "2019.10.10"]
[Round "6.70"]
[White "Podetti, Davide"]
[Black "Alekseev, Mikhail"]
[Result "1-0"]
[WhiteElo "2203"]
[BlackElo "1940"]
[WhiteFideId "893617"]
[BlackFideId "34171069"]
[EventDate "2019.10.05"]

1. e4 c6 2. Nc3 d5 3. Nf3 a6 4. d4 Bg4 5. Bd3 e6 6. Bd2 Nf6 7. Qe2 Bb4 8. e5
Nfd7 9. h3 Bh5 10. a3 Be7 11. Nd1 c5 12. c3 Nc6 13. g4 Bg6 14. b4 cxd4 15. cxd4
Qb6 16. Bc3 Rc8 17. Rc1 O-O 18. Bxg6 hxg6 19. h4 f5 20. exf6 Bxf6 21. Qd3 Be7
22. Ke2 Rxf3 23. Kxf3 e5 24. Kg2 Qb5 25. Qxg6 Bf8 26. Qf5 Rd8 27. Ne3 1-0

[Event "Chigorin Memorial 2019"]
[Site "St Petersburg RUS"]
[Date "2019.10.10"]
[Round "6.71"]
[White "Stepanyan, Eva"]
[Black "Mochalin, Faddey"]
[Result "0-1"]
[WhiteTitle "WFM"]
[WhiteElo "1922"]
[BlackElo "2173"]
[WhiteFideId "34165980"]
[BlackFideId "34147290"]
[EventDate "2019.10.05"]

1. e4 c5 2. Nf3 d6 3. d4 cxd4 4. Nxd4 Nf6 5. Nc3 a6 6. Be2 e5 7. Nf3 h6 8. Nd2
b5 9. a4 b4 10. Nd5 Nxd5 11. exd5 Be7 12. a5 O-O 13. Nc4 Nd7 14. O-O f5 15. f4
exf4 16. Bxf4 Qc7 17. Qd2 Rb8 18. Rf3 Ne5 19. Re3 Nxc4 20. Bxc4 g5 21. Qe2 Bf6
22. Rg3 Bxb2 23. Rb1 Bg7 24. Bd2 Qxa5 25. Rgb3 Qc5+ 26. Be3 Bd4 27. Bxd4 Qxd4+
28. Kh1 a5 29. c3 Qc5 30. cxb4 Rxb4 31. Qh5 Kg7 32. Re1 Rxb3 33. Bxb3 Qc3 34.
Qd1 Bd7 35. h3 Re8 36. Rf1 Bb5 37. Ba4 Bxf1 38. Bxe8 Bd3 39. Qg1 Kf8 40. Bc6 Be4
41. Kh2 Qe5+ 42. Kh1 Qg3 43. Qh2 Qxh2+ 44. Kxh2 Bc2 45. Kg3 a4 46. Bb5 a3 47.
Bc4 Bb1 0-1

[Event "Chigorin Memorial 2019"]
[Site "St Petersburg RUS"]
[Date "2019.10.10"]
[Round "6.72"]
[White "Artamonov, Valery"]
[Black "Vershinin, Igor"]
[Result "1-0"]
[WhiteElo "2169"]
[BlackElo "1610"]
[WhiteFideId "24100480"]
[BlackFideId "24256137"]
[EventDate "2019.10.05"]

1. c4 c5 2. Nc3 Nc6 3. g3 g6 4. Bg2 Bg7 5. a3 a5 6. d3 e5 7. Nf3 d6 8. Nd2 Be6
9. Nf1 Nge7 10. Ne3 O-O 11. Ned5 h6 12. O-O Kh7 13. Rb1 Bxd5 14. cxd5 Nb8 15. b4
axb4 16. axb4 Na6 17. bxc5 Nxc5 18. Bd2 Nf5 19. Rb4 h5 20. Ne4 b6 21. Qb1 Rb8
22. Re1 Qc7 23. e3 Nxe4 24. dxe4 Ne7 25. Bh3 g5 26. Rc1 Qa7 27. Rbc4 g4 28. Bf1
Rfc8 29. h3 Rc5 30. hxg4 hxg4 31. Bb4 Rxc4 32. Rxc4 Qd7 33. Be2 Kg6 34. Qc1 Rc8
35. Rxc8 Nxc8 36. Qc6 Qd8 37. Bxg4 Na7 38. Qb7 Nb5 39. Qa6 Nc7 40. Qxb6 Kg5 41.
Bh3 Ne6 42. Qxd8+ Nxd8 43. Bxd6 1-0